Lost Nubia : a centennial exhibit of photographs from the 1905-1907 Egyptian expedition of the University of Chicago /

محفوظ في:

المؤلف الرئيسي: Larson, John A. 1950-

مؤلف مشترك: University of Chicago. Oriental Institute. Museum.

التنسيق: كتاب

اللغة: English

منشور في: Chicago : University of Chicago, 2006

سلاسل: Oriental Institute Museum publications ; 24.

الموضوعات:

الوسوم: إضافة وسم

لا توجد وسوم, كن أول من يضع وسما على هذه التسجيلة!

رقم الطلب: DT154.74 .L378 2006

LEADER 01161namaa2200301 4500
001 14249
003 OSt
005 20250805103040.0
008 130303s2006 iluab c 000 0 eng d
020 |a 1885923457 
040 |c ARCE Library 
043 |a f-ua---  |a f-sj--- 
050 4 |a DT154.74 .L378 2006 
100 1 |a Larson, John A.   |q (John Aaron),   |d 1950- 
245 1 0 |a Lost Nubia :  |b a centennial exhibit of photographs from the 1905-1907 Egyptian expedition of the University of Chicago /  |c John A. Larson.  |n   
264 1 |a Chicago :  |b University of Chicago,   |c 2006 
300 |a xiii, 109 pages :  |b illustration, map ;  |c 30 cm. 
490 1 |a Oriental Institute Museum publications ;   |v 24. 
600 1 0 |a Breasted, James Henry,   |d 1865-1935. 
610 2 0 |a University of Chicago. 
651 0 |a Nubia  |x Antiquities  |v Exhibitions  |v Pictorial works. 
651 0 |a Egypt  |x Antiquities  |v Exhibitions  |v Pictorial works. 
651 0 |a Sudan  |x Antiquities  |v Exhibitions  |v Pictorial works. 
710 2 |a University of Chicago.  |b Oriental Institute.  |b Museum. 
830 0 |a Oriental Institute Museum publications ;   |v 24. 
901 |a reviewed 
942 |c BK  |2 lcc 
999 |c 15026  |d 15026